[Event "FSIMB August"]
[Site "Budapest HUN"]
[Date "2000.08.16"]
[Round "12"]
[White "Malada,V"]
[Black "Bognar,C"]
[Result "1/2-1/2"]
[WhiteElo "2188"]
[BlackElo "2320"]

1.e4 d6 2.d4 Nf6 3.Nc3 Nbd7 4.f4 e5 5.Nf3 exd4 6.Qxd4 Nc5 7.Be3 Qe7 8.e5 Ng4
9.Nd5 Qd8 10.exd6 Qxd6 11.Qxc5 Qxc5 12.Bxc5 Bxc5 13.Nxc7+ Kd8 14.Nxa8 Nf2
15.Bb5 Nxh1 16.O-O-O+ Ke7 17.Rxh1 Be3+ 18.Kb1 Bxf4 19.g3 Bd6 20.Re1+ Be6
21.Nd4 Kf6 22.Nxe6 fxe6 23.Bc4 Be5 24.Nc7 Rc8 25.Rf1+ Ke7 26.Rf7+ Kxf7 27.Bxe6+ Ke7
28.Bxc8 Bxc7 29.Bxb7 h5 30.c4 g5 31.Kc2 g4 32.Kd3 Bb6 33.Ke2 Bc5 34.Be4 Kf6
35.Bc2 Kg5 36.Kf1 h4 37.gxh4+ Kxh4 38.Kg2 Kg5 39.Ba4 Kf4 40.Bd7 a5 41.Kf1 Bd4
42.b3 Bc5 43.Be6 Bd6 44.Bd7 Kf3 45.Bc6+ Ke3 46.Kg2 Kf4 47.Kf2 Bc5+ 48.Ke2 Bg1
49.Kd3 Ke5 50.a3 Kd6  1/2-1/2

[Event "4th Open"]
[Site "Halkida GRE"]
[Date "2000.08.16"]
[Round "7"]
[White "Mastrokoukos,G"]
[Black "Raptis,G"]
[Result "1-0"]
[WhiteElo "2374"]
[BlackElo "2143"]

1.e4 d6 2.d4 Nf6 3.Nc3 c6 4.a4 Qa5 5.f3 e5 6.Be3 Be6 7.Ne2 Be7 8.g3 Na6 9.Bg2 h5
10.h3 O-O-O 11.Qc1 Nh7 12.O-O g5 13.Kh1 Rdg8 14.d5 cxd5 15.exd5 Bd7 16.Nb5 Qd8
17.Nxa7+ Kb8 18.b4 g4 19.b5 gxh3 20.bxa6 hxg2+ 21.Kxg2 bxa6 22.Qd2 h4 23.Nc6+ Bxc6
24.dxc6 d5 25.Rab1+ Ka8 26.Rb6 Qc8 27.Qa5  1-0

[Event "ECh-u20"]
[Site "Aviles ESP"]
[Date "2000.08.17"]
[Round "2"]
[White "Isik,E"]
[Black "Biti,O"]
[Result "1-0"]
[WhiteElo "2120"]
[BlackElo "2323"]

1.e4 d6 2.d4 Nf6 3.Nc3 c6 4.f4 Qa5 5.Bd3 e5 6.Nf3 Bg4 7.Be3 exd4 8.Bxd4 Qb4
9.Be2 Nxe4 10.O-O d5 11.Nxe4 dxe4 12.c3 Qe7 13.Ng5 Bxe2 14.Qxe2 Nd7 15.Nxe4 O-O-O
16.Rfe1 c5 17.Bf2 f5 18.Ng5 Qxe2 19.Rxe2 Bd6 20.Nf7 Bxf4 21.Nxh8 Rxh8 22.Rae1 Rd8
23.Re8 Bd6 24.Bh4 Rxe8 25.Rxe8+ Kc7 26.Be7 Bf4 27.Bh4 Bd6 28.Bg3 f4 29.Bh4 Be5
30.Be7 b6 31.Kf2 Kc6 32.Kf3 Kd5 33.Bh4 Bd6 34.Ke2 h6 35.Be1 c4 36.Bf2 Nf6
37.Ra8 Ng4 38.Rxa7 g5 39.h3 Ne5 40.Bxb6 h5 41.Rh7 f3+ 42.gxf3 Nd3 43.Be3  1-0

[Event "Summer Open"]
[Site "Toronto CAN"]
[Date "2000.08.17"]
[Round "3"]
[White "Gordon,D"]
[Black "Gregorz,R"]
[Result "1-0"]
[WhiteElo "2225"]
[BlackElo "2135"]

1.d4 d6 2.e4 Nf6 3.Nc3 c6 4.Nf3 Bg4 5.Be2 e6 6.Bg5 Be7 7.O-O d5 8.exd5 cxd5
9.Ne5 Bxe2 10.Qxe2 O-O 11.f4 Nc6 12.Nxc6 bxc6 13.f5 exf5 14.Rxf5 Re8 15.Re5 Kf8
16.Re1 Ng8 17.Qh5 h6 18.Rf1 Bf6 19.h4 Qd7 20.Rxf6 Nxf6 21.Bxf6 gxf6 22.Qxh6+ Kg8
23.Rh5  1-0

[Event "ch-ESP"]
[Site "Barcelona ESP"]
[Date "2000.08.19"]
[Round "2"]
[White "Perez Lopez,Jul"]
[Black "Izeta,F"]
[Result "0-1"]
[WhiteElo "2218"]
[BlackElo "2456"]

1.e4 d6 2.d4 Nf6 3.Nc3 c6 4.f4 Qa5 5.Nf3 Nxe4 6.Bd3 Nxc3 7.bxc3 Bf5 8.O-O e6
9.Rb1 b6 10.c4 Bxd3 11.Qxd3 Be7 12.Re1 Nd7 13.Bd2 Qf5 14.Qxf5 exf5 15.d5 c5
16.Bc3 f6 17.Re2 Kf7 18.Rbe1 Rhe8 19.Kf2 a6 20.a4 b5 21.axb5 axb5 22.cxb5 Nb6
23.Rd1 Reb8 24.Be1 Ra4 25.g3 g5 26.Bd2 h6 27.h4 g4 28.Ne1 Nxd5 29.Rb1 Nb6
30.h5 Re4 31.Ng2 d5 32.Ba5 c4 33.Bxb6 Rxb6 34.Nh4 Bc5+ 35.Kf1 Ke6 36.c3 Be3
37.Ng2 Bc5 38.Rxe4+ fxe4 39.Ke2 Kd6 40.Ne3 Bxe3 41.Kxe3 Kc5 42.f5 Rxb5 43.Ra1 d4+  0-1

[Event "XVIII Rapidplay Open"]
[Site "Villarrobledo ESP"]
[Date "2000.08.19"]
[Round "5"]
[White "Strikovic,A"]
[Black "Hamdouchi,H"]
[Result "0-1"]
[WhiteElo "2490"]
[BlackElo "2541"]

1.e4 d6 2.d4 Nf6 3.Nc3 e5 4.dxe5 dxe5 5.Qxd8+ Kxd8 6.Bc4 Bb4 7.Bd2 Ke7 8.Nf3 Nbd7
9.O-O c6 10.Rfe1 Bd6 11.a4 a5 12.Be3 Ng4 13.Ng5 Nxe3 14.Rxe3 Nb6 15.Bb3 f6
16.Nf7 Rf8 17.Nxd6 Kxd6 18.Rd1+ Ke7 19.Nb1 Bd7 20.Na3 Rfd8 21.Kf1 c5 22.Ke1 Bc6
23.Rxd8 Rxd8 24.Rc3 Rd4 25.Rxc5 Nxa4 26.Bxa4 Rxe4+ 27.Kd2 Rxa4 28.f3 Rd4+
29.Ke3 a4 30.Rc4 Rxc4 31.Nxc4 b5 32.Nd2 Kd6 33.c3 Kc5 34.g3 f5 35.h4 h6 36.f4 e4
37.Nb1 Be8 38.Nd2 Bh5 39.b4+ Kd5 40.Nb1 Kc4 41.Nd2+  0-1

[Event "Summer Festival Open"]
[Site "Lisbon POR"]
[Date "2000.08.21"]
[Round "1"]
[White "Jonkman,H"]
[Black "Kitchlew,A"]
[Result "1-0"]
[WhiteElo "2424"]
[BlackElo "2042"]

1.e4 d6 2.d4 Nf6 3.Nc3 c6 4.f4 g6 5.Nf3 Bg4 6.Be2 Bg7 7.O-O O-O 8.Be3 d5
9.e5 Ne8 10.h3 Bc8 11.g4 a5 12.Qe1 f5 13.Qg3 b5 14.Rf2 Ra7 15.Nh4 e6 16.Rh2 Qe7
17.Nf3 Ba6 18.Bf1 b4 19.Na4 Nd7 20.Bd3 Nc7 21.h4 Bb5 22.b3 Bxa4 23.bxa4 c5
24.h5 c4 25.Be2 fxg4 26.Qxg4 Qf7 27.Ng5 Qf5 28.hxg6 h6 29.Nf7 Qxg4+ 30.Bxg4 Rxf7
31.gxf7+ Kxf7 32.Rf1 Nb6 33.f5 exf5 34.Bxf5 Ne6 35.Bxh6 Nxd4 36.Bxg7 Nxf5
37.Rxf5+ Kxg7 38.Rg5+  1-0

[Event "It"]
[Site "Miercurea Ciuc ROM"]
[Date "2000.08.21"]
[Round "3"]
[White "Gheng,J"]
[Black "Schmid,Si"]
[Result "1-0"]
[WhiteElo "2378"]
[BlackElo "2230"]

1.e4 d6 2.d4 Nf6 3.Nc3 c6 4.h3 e5 5.Nf3 Qc7 6.g3 g6 7.Bg2 Bg7 8.O-O O-O 9.Re1 Re8
10.Be3 Nbd7 11.Kh2 b5 12.a3 a6 13.Qd2 Bb7 14.Bh6 Bh8 15.dxe5 dxe5 16.Rad1 Rad8
17.Qd6 Qa5 18.Nd2 Rc8 19.Nb3 Qc7 20.g4 Nb6 21.Nc5 Nc4 22.Qxc7 Rxc7 23.Bc1 Bg7
24.b3 Nb6 25.Rd6 Bf8 26.Nxb7 Bxd6 27.Nxd6 Rd8 28.Be3 Na8 29.f4 Nd7 30.g5 h6
31.h4 hxg5 32.hxg5 f6 33.Bh3 Nf8 34.gxf6 exf4 35.Bxf4 Rh7 36.f7+ Kg7 37.Be5+ Kh6
38.Kg3 Nc7 39.Bg4 Nce6 40.Bf6  1-0

[Event "It"]
[Site "Miercurea Ciuc ROM"]
[Date "2000.08.23"]
[Round "5"]
[White "Eckhardt,W"]
[Black "Schmid,Si"]
[Result "0-1"]
[WhiteElo "2256"]
[BlackElo "2230"]

1.d4 d6 2.e4 Nf6 3.Nc3 c6 4.Be2 e5 5.Nf3 Qc7 6.h3 b5 7.O-O Be7 8.Re1 O-O
9.Bf1 h6 10.g3 Re8 11.Bg2 Bf8 12.a3 a6 13.Nb1 Nbd7 14.a4 Bb7 15.Nbd2 c5 16.d5 c4
17.axb5 axb5 18.Rxa8 Rxa8 19.Nf1 Ra1 20.Nh4 Kh7 21.Qe2 Nc5 22.Bd2 Ra2 23.Rb1 Bc8
24.Kh2 Bd7 25.f4 Na4 26.Bc1 b4 27.Qe1 b3 28.cxb3 cxb3 29.Nd2 Qc2 30.Qe3 Nc5
31.Nhf3 Nd3 32.Ne1 Nxe1 33.Qxe1 Bb5 34.Qe3 Bd3 35.Bf3 Ra4 36.Bd1 Qxd1 37.Qxd3 Rxe4
38.Kg2 Kg8 39.Kf2 Qe1+ 40.Kf3 Qh1+ 41.Kf2 Re1 42.Nf1 e4 43.Qc4 Rd1 44.Qe2 e3+  0-1

[Event "Royal CC NED-GER Match"]
[Site "Venlo NED"]
[Date "2000.08.24"]
[Round "1"]
[White "Nijboer,F"]
[Black "Hickl,J"]
[Result "1/2-1/2"]
[WhiteElo "2537"]
[BlackElo "2573"]

1.e4 d6 2.d4 Nf6 3.Nc3 e5 4.Nf3 exd4 5.Nxd4 Be7 6.Be2 O-O 7.O-O a6 8.f4 c5
9.Nb3 Nc6 10.Be3 b6 11.Bf3 Bb7 12.Qd2 Qc7 13.g4 b5 14.g5 b4 15.Ne2 Nd7 16.c4 bxc3
17.Nxc3 Nb6 18.Nd5 Nxd5 19.exd5 Na7 20.Rac1 Rfe8 21.f5 Bf8 22.Bf4 Bc8 23.Rxc5 Qb7
24.Rc4 Bxf5 25.Rfc1 Rac8 26.Rxc8 Nxc8 27.Nd4 Bh3 28.Kf2 g6 29.Nc6 Bg7 30.Kg3 Bf5
31.b3 f6 32.Re1 Rf8 33.Qe3 fxg5 34.Bxg5 Qd7 35.Bf4 h5 36.Ne7+ Nxe7 37.Qxe7 Qxe7
38.Rxe7 h4+ 39.Kg2 Bg4 40.Bxg4 Rxf4 41.Be6+ Kh7 42.Rf7 Rd4 43.h3 Kh6 44.Kf1 Rd1+
45.Ke2 Rb1  1/2-1/2

[Event "ch-ESP"]
[Site "Barcelona ESP"]
[Date "2000.08.25"]
[Round "7"]
[White "Castany Pampalona,L"]
[Black "Oms Pallise,J"]
[Result "1/2-1/2"]
[WhiteElo "2220"]
[BlackElo "2430"]

1.e4 d6 2.d4 Nf6 3.Nc3 Nbd7 4.Nf3 e5 5.dxe5 dxe5 6.Bc4 Bb4 7.O-O O-O 8.Nd5 Nxd5
9.Qxd5 c6 10.Qd1 Be7 11.a4 a5 12.Be3 Qc7 13.c3 Nc5 14.Qc2 Bg4 15.Nd2 Bd7
16.Nb3 Ne6 17.Rfd1 Rad8 18.f3 Bg5 19.Bf2 b6 20.Nc1 b5 21.Bf1 Be7 22.Nb3 Ra8
23.axb5 a4 24.b6 Qb7 25.Nd2 Nc5 26.b4 axb3 27.Nxb3 Rxa1 28.Nxc5 Bxc5 29.Rxa1 Bxb6
30.Bxb6 Qxb6+ 31.Qf2 Qxf2+ 32.Kxf2 Rc8 33.Bc4 Kf8 34.Ke3 Ke7 35.g3 g5 36.Ra7 f6
37.f4 gxf4+ 38.gxf4 exf4+ 39.Kxf4 Rb8 40.e5 fxe5+ 41.Kxe5 Rb2 42.Ra2 Rxa2
43.Bxa2 h6 44.Bg8 Bh3 45.c4 Bf1 46.c5 Be2  1/2-1/2

[Event "ch-ESP"]
[Site "Barcelona ESP"]
[Date "2000.08.26"]
[Round "8"]
[White "Martin Gonzalez,An"]
[Black "Izeta,F"]
[Result "1-0"]
[WhiteElo "2411"]
[BlackElo "2456"]

1.e4 d6 2.d4 Nf6 3.Nc3 Nbd7 4.Nf3 e5 5.Bc4 Be7 6.O-O O-O 7.Re1 c6 8.a4 b6
9.h3 a6 10.Ba2 Bb7 11.dxe5 dxe5 12.Nh4 Bb4 13.Nf5 Nc5 14.Qf3 Ne6 15.Rd1 Qc7
16.Nxg7 Nxg7 17.Qxf6 Be7 18.Qf3 Rad8 19.Bh6 Rd6 20.Rxd6 Qxd6 21.Bxg7 Kxg7
22.Rd1 Qf6 23.Rd7 Ba8 24.Qg4+ Kh8 25.Nd1 Bc5 26.Qh5 b5 27.Rxf7 Rxf7 28.Bxf7 bxa4
29.Bc4 Bb7 30.Qe8+ Kg7 31.Qd7+ Qe7 32.Qg4+ Kh6 33.h4 Qf6 34.Qd7 Qe7 35.Qg4 Qf6
36.g3 Qg6 37.Qf3 Bc8 38.Ne3 a5 39.Bf7 Qd6 40.Nc4 Qe7 41.Qh5+ Kg7 42.Nxe5 a3
43.bxa3 Bxa3 44.Bb3 Bc5 45.Nxc6 Bxf2+ 46.Kxf2 Qf6+ 47.Kg2 a4 48.Bc4  1-0

[Event "5th Paks Cup IM"]
[Site "Paks HUN"]
[Date "2000.08.26"]
[Round "8"]
[White "Papp,Ga"]
[Black "Dovzik,J"]
[Result "0-1"]
[WhiteElo "2254"]
[BlackElo "2386"]

1.e4 d6 2.d4 Nf6 3.Nc3 c6 4.f4 Qa5 5.Bd2 Qb6 6.e5 Bg4 7.Be2 Bxe2 8.Qxe2 Nd5
9.exd6 Qxb2 10.Rb1 Nxc3 11.Rxb2 Nxe2 12.Nxe2 b6 13.dxe7 Bxe7 14.c4 Nd7 15.Bc3 Nf6
16.Ng3 O-O-O 17.O-O Rhe8 18.Rd2 Bd6 19.d5 Ne4 20.Nxe4 Rxe4 21.Bxg7 Rxc4 22.Kh1 Rxf4
23.Rdf2 Rxf2 24.Rxf2 cxd5 25.Rxf7 Rd7 26.Rxd7 Kxd7 27.g4 Ke6 28.Kg2 Be5 29.Bh6 b5
30.h4 a5 31.Kf3 b4 32.Ke2 a4 33.Bf8 Bd6 34.Bg7 b3 35.axb3 a3 36.Kd3 Be5 37.Bxe5 Kxe5
38.Kc2 d4  0-1

[Event "Summer Festival Open"]
[Site "Lisbon POR"]
[Date "2000.08.27"]
[Round "7"]
[White "Capaces,F"]
[Black "Ribeiro,F"]
[Result "0-1"]
[WhiteElo "2135"]
[BlackElo "2202"]

1.e4 d6 2.d4 Nf6 3.Nc3 c6 4.h3 Nbd7 5.g4 h6 6.Bg2 e5 7.Nge2 b6 8.O-O Bb7
9.Ng3 g6 10.Be3 Bg7 11.Nce2 O-O 12.c3 Re8 13.Qd2 Kh7 14.Rad1 Qe7 15.f3 Qe6
16.b3 Rad8 17.Qc2 d5 18.dxe5 Nxe5 19.f4 Nexg4 20.hxg4 Nxg4 21.Bd4 Qe7 22.e5 Qh4
23.Rf3 c5 24.Bf2 Qh2+ 25.Kf1 d4 26.Ne4 d3  0-1

[Event "5th Paks Cup GM"]
[Site "Paks HUN"]
[Date "2000.08.27"]
[Round "9"]
[White "Arnold,L"]
[Black "Varga,Zo"]
[Result "1/2-1/2"]
[WhiteElo "2435"]
[BlackElo "2541"]

1.e4 d6 2.d4 Nf6 3.Nc3 Nbd7 4.Nf3 e5 5.Bc4 Be7 6.O-O O-O 7.Re1 c6 8.a4 b6
9.d5 cxd5 10.Nxd5 Bb7 11.b3 Rc8 12.Re2 Nc5 13.Nxf6+ Bxf6 14.Bd5 Qd7 15.Ba3 Rfd8
16.Bxc5 Rxc5 17.Bxb7 Qxb7 18.c4 a6 19.Qd3 b5 20.axb5 axb5 21.Rea2 h6 22.h3 bxc4
23.bxc4 Qc8 24.Kh2 Rxc4 25.Ra8 Qc6 26.Rxd8+ Bxd8 27.Nxe5 Qxe4 28.Qxe4 Rxe4
29.Ra8 dxe5 30.Rxd8+ Kh7 31.g3 g5 32.Kg2 h5 33.Rd6 Kg7 34.Kf3 Re1 35.h4 gxh4
36.gxh4 f6 37.Rd8 Rg1 38.Rd7+ Kg6 39.Rd8 Rb1 40.Rh8 Rb3+ 41.Kg2 Rb4 42.Kg3 Rb3+
43.Kg2 e4 44.Kh2 Rd3 45.Kg2 Rf3 46.Re8 Kf5 47.Rg8 Rd3 48.Rg7 Kf4 49.Rg6 Rd6
50.Kf1 Kf5 51.Rg8 Rd2 52.Kg1 Rd4 53.Kh2 Rd1 54.Kg2 Ra1 55.Kh2 Ra5 56.Kg3 Rb5
57.Kg2 Kf4 58.Rg6 Rf5 59.Rg8 Ke5 60.Re8+ Kd4 61.Ra8 Rc5 62.Ra4+ Ke5 63.Ra8 Kf4
64.Rg8 Rc2 65.Kg1 Kf5 66.Rg7 Re2 67.Rg8 Ra2 68.Rg7 Ra4 69.Kh2 Ra2 70.Kg3 Ra8
71.Kg2 Rh8 72.Kg3 Rh6 73.Rg8 Rh7 74.Kg2 Kf4 75.Rg6 Rf7 76.Rg8 Kf5 77.Kg3 Re7
78.Kg2 Kf4 79.Rg6 Re6 80.Rg8 Rc6 81.Rg6 Kf5 82.Rg8 Rc4 83.Kg3 Rc2 84.Rg7 Rc3+
85.Kg2 e3 86.fxe3 Rxe3 87.Ra7 Kf4 88.Ra6 Kf5 89.Ra5+ Re5 90.Ra6 Re4 91.Kg3 Rg4+
92.Kh3 Rg1 93.Ra5+ Kg6 94.Ra6 Rg4 95.Rb6 Re4 96.Ra6 Kf5 97.Ra5+ Re5 98.Ra6 Rd5
99.Rb6 Ke5 100.Rb8 Ke4 101.Rb4+ Rd4 102.Rb8 Kf4 103.Rb6 f5 104.Rg6 Rd3+ 105.Kg2 Rd2+
106.Kh3 Rd1 107.Kg2 Rd2+ 108.Kh3 Rd8 109.Rg5 Rh8 110.Kg2 Ke4 111.Kf2 f4 112.Ra5 Rb8
113.Rxh5 Rb2+ 114.Kg1 Kf3 115.Rh8 Kg3 116.Rg8+ Kxh4 117.Kf1 Kh3 118.Rg7 Rb3
119.Kf2 Rg3 120.Rh7+ Kg4 121.Rg7+ Kf5 122.Rxg3 fxg3+ 123.Kxg3  1/2-1/2

[Event "Open"]
[Site "Porto San Giorgio ITA"]
[Date "2000.08.27"]
[Round "8"]
[White "Aldrovandi,C"]
[Black "Managadze,N"]
[Result "0-1"]
[WhiteElo "2351"]
[BlackElo "2456"]

1.e4 d6 2.d4 Nf6 3.Nc3 c6 4.f4 Qa5 5.Bd3 e5 6.Nf3 exd4 7.Nxd4 Bg4 8.Qd2 Qb6
9.Qe3 Bd7 10.h3 Na6 11.e5 O-O-O 12.Nde2 Qxe3 13.Bxe3 Re8 14.Bxa7 dxe5 15.fxe5 Rxe5
16.Bd4 Rg5 17.Ne4 Nxe4 18.Bxe4 f5 19.Bf3 Nb4 20.O-O-O Nxa2+ 21.Kb1 Nb4 22.Nf4 Bd6
23.Bxg7 Rxg7 24.Rxd6 Kc7 25.Rh6 Re7 26.Rd1 Na6 27.Ng6 Re6 28.Nxh8 Rxh6 29.Nf7 Re6
30.c3 Nc5 31.Ng5 Re7 32.h4 f4 33.b4 Na4 34.Kc2 Re3 35.Ne4 Bf5 36.Kb3 Bxe4
37.Bxe4 Nxc3  0-1

[Event "ch-HUN KO"]
[Site "Budapest HUN"]
[Date "2000.08.28"]
[Round "1.1"]
[White "Babos,E"]
[Black "Szirmai,Ed"]
[Result "0-1"]
[WhiteElo "2061"]
[BlackElo "2120"]

1.d4 d6 2.e4 Nf6 3.Nc3 c6 4.Nf3 Qa5 5.Bd3 Bg4 6.h3 Bh5 7.O-O Nbd7 8.a4 e5
9.Be2 Be7 10.Be3 O-O 11.Qd2 Rfe8 12.b4 Qc7 13.Rab1 Bf8 14.dxe5 dxe5 15.Nh4 Red8
16.Bxh5 Nxh5 17.Qe2 Nf4 18.Qc4 g6 19.Nb5 Qb8 20.Nc3 a6 21.Nf3 Qd6 22.Ng5 Qf6
23.Bxf4 exf4 24.Nf3 Ne5 25.Nxe5 Qxe5 26.f3 Rd4 27.Qa2 Rxb4 28.Ne2 Rd8 29.c3 Qc5+
30.Kh1 Rxb1 31.Rxb1 Rd7 32.Qc2 Bg7 33.c4 Qf2 34.Rc1 Be5 35.Rd1 Rxd1+ 36.Qxd1 Kg7
37.Nc1 g5 38.Nd3 Qd4 39.Qc2 Bf6 40.Kh2 Qa1 41.Qb3 Bd4  0-1

[Event "Summer Festival Open"]
[Site "Lisbon POR"]
[Date "2000.08.30"]
[Round "10"]
[White "Stefansson,H"]
[Black "Oratovsky,M"]
[Result "1-0"]
[WhiteElo "2557"]
[BlackElo "2486"]

1.e4 d6 2.d4 Nf6 3.Nc3 Nbd7 4.Nf3 e5 5.Bc4 Be7 6.O-O O-O 7.Re1 c6 8.a4 a5
9.h3 exd4 10.Qxd4 Nc5 11.b3 Be6 12.Bb2 Bxc4 13.Qxc4 Qc7 14.Rad1 Nfd7 15.Nd4 g6
16.Qe2 Rfe8 17.Qd2 Bf8 18.Nf3 Ne5 19.Nh2 Qb6 20.Ba3 Rad8 21.Kh1 d5 22.exd5 Nxb3
23.cxb3 Bxa3 24.f4 Nd7 25.Rxe8+ Rxe8 26.dxc6 Qxc6 27.Ng4 Nf6 28.Nxf6+ Qxf6
29.Qd7 Kf8 30.Nd5 Qc6 31.Qg4 Kg8 32.Qg5 Bb2 33.Ne7+ Rxe7 34.Qxe7 Qc2  1-0

[Event "ch-HUN KO"]
[Site "Budapest HUN"]
[Date "2000.09.02"]
[Round "3.2"]
[White "Antal,Ge"]
[Black "Dudas,Jano"]
[Result "1-0"]
[WhiteElo "2405"]
[BlackElo "2338"]

1.e4 d6 2.d4 Nf6 3.Nc3 e5 4.dxe5 dxe5 5.Qxd8+ Kxd8 6.Bc4 Be6 7.Bxe6 fxe6
8.Be3 Nbd7 9.O-O-O Bd6 10.f3 a6 11.h4 Ke7 12.Nh3 Rad8 13.Nf2 Bc5 14.Bxc5+ Nxc5
15.b4 Ncd7 16.Nd3 Rhf8 17.Na4 b6 18.Nab2 b5 19.c4 c6 20.Rd2 Ra8 21.Rhd1 Rfc8
22.Kc2 a5 23.g4 axb4 24.g5 Nh5 25.Nxb4 Ra7 26.Rd6 Nb8 27.c5 Nf4 28.Kb3 Rac7
29.a4 Ne2 30.N2d3 bxa4+ 31.Kc4 Nd7 32.Rd2 Nd4 33.Rxd7+ Rxd7 34.Nxe5 Nxf3
35.Rxd7+ Ke8 36.Nxf3 Kxd7 37.Ne5+ Kc7 38.Nexc6 Ra8 39.Nd4 a3 40.Kb3 Ra5 41.Ka2 Kd7
42.c6+ Kd6 43.e5+ Rxe5 44.Kxa3 h6 45.g6 Kc7 46.Na6+ Kb6 47.c7 Kb7 48.Nc6  1-0

[Event "zt 1.1"]
[Site "Mondariz ESP"]
[Date "2000.09.06"]
[Round "4"]
[White "Van den Doel,E"]
[Black "Galego,L"]
[Result "1-0"]
[WhiteElo "2547"]
[BlackElo "2419"]

1.e4 d6 2.d4 c6 3.Nc3 Nf6 4.f4 Qb6 5.e5 Nd5 6.Nxd5 cxd5 7.Bd3 Nc6 8.c3 g6
9.Ne2 Bg4 10.h3 Bxe2 11.Qxe2 e6 12.O-O h5 13.Kh1 O-O-O 14.Be3 Ne7 15.b3 Nf5
16.Bxf5 gxf5 17.c4 Qa6 18.Qf3 dxe5 19.dxe5 Be7 20.cxd5 Rxd5 21.Rac1+ Kb8
22.Rc4 h4 23.Rfc1 Qb5 24.Qh5 Qe8 25.Qe2 Qd7 26.Qc2 Rd8 27.Kh2 Qe8 28.Ra4  1-0

[Event "6th WUCC"]
[Site "Golden Sands BUL"]
[Date "2000.09.07"]
[Round "7"]
[White "Abbasifar,H"]
[Black "Papazov,I"]
[Result "0-1"]
[WhiteElo "2375"]
[BlackElo "2342"]

1.e4 d6 2.d4 Nf6 3.Nc3 e5 4.Nf3 Nbd7 5.Bc4 Be7 6.O-O c6 7.a4 O-O 8.Ba2 Qc7
9.Qe2 b6 10.Rd1 a6 11.Nh4 exd4 12.Rxd4 Nc5 13.b4 Ne6 14.Rd3 Re8 15.Nf5 Bf8
16.Rg3 Kh8 17.Be3 d5 18.exd5 cxd5 19.Qd3 Nf4 20.Bxf4 Qxf4 21.Ne3 Qxb4 22.Rb1 Qh4
23.Bxd5 Ra7 24.Rxb6 Nxd5 25.Qxd5 Rd7 26.Qf3 Qd4 27.Rb3 Rc7 28.Qd5 Qh4 29.Nf1 Be6
30.Qe5 Rc5 31.Qe1 Rec8 32.Rb6 Qd4 33.Rd3 Qf4 34.Rb7 g6 35.Ne3 Qe5 36.Ne2 Bg4
37.h3 Qe4 38.Rd4 Qe5 39.Rbb4 Qc7 40.Rd6 Be6 41.Rxa6 Bc4 42.Nxc4 Rxc4 43.c3 Qb7
44.Ra5 Be7 45.Rab5 Qa6  0-1

[Event "6th WUCC"]
[Site "Golden Sands BUL"]
[Date "2000.09.09"]
[Round "9"]
[White "Turov,M"]
[Black "Gelashvili,T"]
[Result "1/2-1/2"]
[WhiteElo "2539"]
[BlackElo "2519"]

1.e4 d6 2.d4 Nf6 3.Nc3 Nbd7 4.Nf3 e5 5.Bc4 Be7 6.O-O O-O 7.Re1 c6 8.a4 b6
9.d5 c5 10.a5 a6 11.axb6 Nxb6 12.Bf1 Ne8 13.Bd2 Nc7 14.Na4 Nxa4 15.Rxa4 f5
16.Ba5 fxe4 17.Nd2 Qd7 18.Ra2 Nxd5 19.Bc4 Qc6 20.Nxe4 Be6 21.Nc3 Nf4 22.Bxe6+ Nxe6
23.Qd5 Qxd5 24.Nxd5 Kf7 25.Rd1 Nf4 26.Nxf4 exf4 27.Ra4 Ke6 28.Bc3 f3 29.Re1+ Kd7
30.Rea1 fxg2 31.Kxg2 Bf6 32.Bxf6 Rxf6 33.Rxa6 Raf8 34.Ra7+ Kc6 35.R7a6+ Kb5
36.R6a5+ Kc4 37.R5a4+ Kd5 38.Rd1+ Kc6 39.Rd2 Rg6+ 40.Kf1 Rf5 41.Rh4 h6 42.b4 Rfg5
43.bxc5 dxc5 44.Rd3 Rg1+ 45.Ke2 Rf6 46.Rg3 Rc1 47.Kd2 Rh1 48.f4 Rf7 49.Kc3 Rf1
50.Rhg4 R1xf4 51.Rxf4 Rxf4 52.Rxg7 Rh4 53.Rg2 Kd5 54.Rd2+ Ke4 55.Kb3 Ke3
56.Rd3+ Kf2 57.Rc3 Rxh2 58.Rxc5 h5 59.c4 h4 60.Rh5 Kg3 61.c5 Rh1 62.Kc4 h3
63.Kd5 h2 64.c6 Kg4 65.Rxh2 Rxh2 66.c7  1/2-1/2

[Event "chT-POL"]
[Site "Zakopane chT"]
[Date "2000.09.10"]
[Round "8"]
[White "Jurkiewicz,Ka"]
[Black "Dworakowska,J"]
[Result "1/2-1/2"]
[WhiteElo "2184"]
[BlackElo "2371"]

1.e4 d6 2.d4 Nf6 3.Nc3 e5 4.Nf3 Nbd7 5.Bc4 Be7 6.O-O O-O 7.Re1 c6 8.a4 b6
9.d5 cxd5 10.Bxd5 Rb8 11.b3 Nc5 12.Ba3 Be6 13.Bxc5 bxc5 14.Qd3 Nh5 15.Ne2 Kh8
16.Nd2 Bc8 17.Rad1 g6 18.Nc4 f5 19.a5 f4 20.f3 Ba6 21.Qd2 Rb4 22.Nc3 Nf6
23.Be6 Qc7 24.Ra1 Rd8 25.Red1 Kg7 26.Nb2 Rd4 27.Qe1 Rb8 28.Ne2 Rxd1 29.Qxd1 Rb4
30.Bc4 Bc8 31.Nc3 Rb8 32.Qd3 Qd8 33.Nb5 Qd7 34.Rd1 d5 35.exd5 Bd8 36.Na4 Bxa5
37.Nxc5 Bb6 38.b4 a6 39.Nc3 Qd6 40.Na4 a5 41.Nxb6 Qxb6 42.Kh1 axb4 43.Ne6+ Bxe6
44.dxe6 e4 45.Qd4 Qxd4 46.Rxd4 Ra8 47.h4 Ra1+ 48.Kh2 Kf8 49.Bb5 Rc1 50.Rxb4 Rxc2
51.Ba4 Rc7 52.g4 fxg3+ 53.Kxg3 Ke7 54.fxe4 Kxe6 55.Kf4 Nh5+ 56.Ke3 Rc3+ 57.Kd4 Rc7
58.Rb6+ Ke7 59.e5 Ng3 60.Bb3 Nf5+ 61.Kd5 Rd7+ 62.Kc5 Rc7+ 63.Kd5 Rd7+ 64.Kc5 Nxh4
65.Re6+ Kf8 66.Ra6 Re7 67.Be6 Nf5 68.Kd5 Ng7 69.Bh3 Ne8 70.Ra2 h5 71.Rg2 Rg7
72.Ke6 Re7+ 73.Kd5 Kf7 74.Rg1 Ra7 75.Be6+ Ke7 76.Bg8 Ra6 77.Rf1  1/2-1/2

[Event "World Seniors"]
[Site "Rowy POL"]
[Date "2000.09.11"]
[Round "1"]
[White "Betz,E"]
[Black "Shabanov,Y"]
[Result "0-1"]
[WhiteElo "2080"]
[BlackElo "2486"]

1.e4 d6 2.d4 Nf6 3.Nc3 Nbd7 4.Be2 e5 5.Nf3 Be7 6.h3 c6 7.Be3 O-O 8.Qd2 b5
9.a3 Bb7 10.Nh2 a6 11.O-O exd4 12.Qxd4 c5 13.Qxf6 Nxf6 14.Bf3 d5 15.exd5 Nxd5
16.Nxd5 Bxd5 17.Rad1 Be6 18.Rd3 c4 19.Be4  0-1

[Event "Najdorf Final KO"]
[Site "Buenos Aires ARG"]
[Date "2000.09.14"]
[Round "3.2"]
[White "Roselli,J"]
[Black "Hoffman,A"]
[Result "0-1"]
[WhiteElo "2110"]
[BlackElo "2491"]

1.e4 d6 2.d4 Nf6 3.Nc3 e5 4.Nf3 Nbd7 5.Bc4 Be7 6.O-O O-O 7.Qe2 exd4 8.Nxd4 Ne5
9.Bb3 c5 10.Nf5 Bxf5 11.exf5 Re8 12.f4 Nc6 13.g4 d5 14.Nxd5 Nxd5 15.Qc4 Qb6
16.Bd2 Rad8 17.Rad1 Nd4 18.Ba4 Rf8 19.Bc1 Qb4 20.Qxb4 Nxb4 21.c3 Ne2+ 22.Kg2 Nxc1
23.cxb4 Nd3 24.bxc5 Nxb2 25.Rxd8 Rxd8 26.Bb3 Bxc5 27.g5 Kf8 28.h4 a5 29.g6 fxg6
30.fxg6 h6 31.Kg3 a4 32.Bf7 Rd1  0-1

[Event "Najdorf Final KO"]
[Site "Buenos Aires ARG"]
[Date "2000.09.15"]
[Round "4.1"]
[White "Leitao,R"]
[Black "Tempone,M"]
[Result "1-0"]
[WhiteElo "2567"]
[BlackElo "2439"]

1.d4 d6 2.e4 Nf6 3.Nc3 Nbd7 4.Nf3 e5 5.Bc4 Be7 6.O-O O-O 7.Re1 c6 8.a4 b6
9.Bg5 a6 10.d5 c5 11.Rb1 Ne8 12.Be3 g6 13.b4 Ng7 14.bxc5 bxc5 15.Nd2 Bg5
16.Bxg5 Qxg5 17.Bf1 f5 18.Nc4 Qf6 19.a5 h5 20.exf5 gxf5 21.Na4 Ra7 22.Nab6 e4
23.Qd2 Ne5 24.Nxe5 Qxe5 25.Nc4 Qf6 26.Qf4 Ne8 27.Rb6 Rd7 28.Reb1 Kh8 29.h4 Rd8
30.Be2 Nc7 31.Ne3 Qg6 32.Rc6 Ne8 33.Bxa6 Bd7 34.Rcb6 Ra8 35.Nc4 Rf6 36.Bb7  1-0

[Event "zt 1.1 Playoff Gp II"]
[Site "Mondariz ESP"]
[Date "2000.09.15"]
[Round "3"]
[White "De la Riva Aguado,O"]
[Black "Bauer,Ch"]
[Result "1/2-1/2"]
[WhiteElo "2462"]
[BlackElo "2562"]

1.e4 d6 2.d4 Nf6 3.Nc3 Nbd7 4.g3 e5 5.Nge2 b5 6.Bg2 c6 7.d5 Bb7 8.a4 a6 9.O-O Be7
10.dxc6 Bxc6 11.Nd5 bxa4 12.Nec3 Nb6 13.Qe2 O-O 14.Be3 Nfxd5 15.exd5 Bd7
16.Rfb1 f5 17.Bxb6 Qxb6 18.Nxa4 Qa7 19.c4 Bg5 20.b4 f4 21.c5 fxg3 22.hxg3 Bb5
23.Qg4 Bh6 24.Nb6 Rae8 25.Be4 Qc7 26.Rc1 Bxc1 27.Rxc1 g6 28.Kg2 Re7 29.Rc2 a5
30.cxd6 Qxd6 31.Nc8 Bd7 32.Nxe7+ Qxe7 33.Rc7 Rf7 34.Qe2 Bh3+ 35.Kxh3 Qxc7
36.bxa5 Qxa5 37.Kg2 Qc5 38.Bf3 Qd4 39.Qc2 Kg7 40.Be4 Rxf2+ 41.Qxf2 Qxe4+
42.Kh2 Qxd5 43.Qa7+ Qf7 44.Qc5 Qf6 45.Qa7+ Kh6 46.Qe3+ Qg5 47.Qc5 Qf6 48.Qe3+ g5
49.Qe4 Kg7 50.Qb7+ Qf7 51.Qe4 Qa2+ 52.Kg1 Qa1+ 53.Kh2 Qd4 54.Qf5 h6 55.Qe6 Qf2+
56.Kh3 Qf6 57.Qd7+ Kg6 58.Qe8+ Kf5 59.Qc8+ Ke4 60.Qc2+ Ke3 61.Qc3+ Kf2 62.Qd2+ Kf1
63.Qd1+ Kf2 64.Qd2+ Kf3 65.Qd3+  1/2-1/2

[Event "WJun"]
[Site "Yerevan ARM"]
[Date "2000.09.22"]
[Round "4"]
[White "Jakic,I"]
[Black "Saric,Ib"]
[Result "1/2-1/2"]
[WhiteElo "2272"]
[BlackElo "2345"]

1.e4 d6 2.d4 Nf6 3.Nc3 c6 4.f4 d5 5.e5 Ng8 6.Nf3 h5 7.Bd3 Nh6 8.Ng5 Bg4 9.Be2 Bxe2
10.Qxe2 g6 11.e6 f6 12.Qd3 Rg8 13.O-O Qb6 14.Nf3 Nf5 15.Ne2 Na6 16.Ng3 Nxg3
17.hxg3 f5 18.c3 Bg7 19.b4 Nc7 20.Re1 Nb5 21.Be3 Nd6 22.Ne5 Bxe5 23.dxe5 Qb5
24.Red1 Qxd3 25.Rxd3 Nc4 26.Bc5 b6 27.Bf2 b5 28.Bc5 Nb2 29.Rf3 Na4 30.Bd4 a5
31.Rb1 Kd8 32.Kh2 Kc7 33.Kh3 c5 34.bxc5 Kc6 35.Kh4 Nxc5 36.Bxc5 Kxc5 37.Rd3 Ra6
38.Rbd1 Rd8 39.Kg5 Rxe6 40.Kh6 Rb6 41.Kg7  1/2-1/2

[Event "4NCL"]
[Site "Birmingham ENG"]
[Date "2000.09.23"]
[Round "1"]
[White "Ledger,D"]
[Black "Gormally,D"]
[Result "0-1"]
[WhiteElo "2302"]
[BlackElo "2499"]

1.e4 Nf6 2.Nc3 d6 3.d4 c6 4.f4 Qa5 5.e5 Ne4 6.Qf3 Nxc3 7.Bd2 Bf5 8.Bxc3 Qd5
9.Qxd5 cxd5 10.O-O-O Nc6 11.Bd3 g6 12.Nf3 e6 13.Rhg1 h5 14.h3 Bh6 15.Ng5 dxe5
16.dxe5 d4 17.Be1 Bxg5 18.fxg5 O-O-O 19.Bf2 Rd5 20.Bc4 Rc5 21.Bb3 Rd8 22.Rge1 Ra5
23.Bg3 Nb4 24.a3 Nxc2 25.Bxc2 Rc5 26.Rd2 d3 27.Bf2 Rc6 28.Bxa7 Rd7 29.Re3 Rdc7
30.Re1 Rxc2+ 31.Rxc2 Rxc2+ 32.Kd1 Rxb2  0-1